Normal view
MARC view
- Herraiz, Santiago,
Entry Nombre Personal
001 - NUMERO DE CONTROL
- campo de control: 32658
003 - IDENTIFICADOR DE NUMERO DE CONTROL
- campo de control: UPN
005 - FECHA Y HORA DE LA ÜLTIMA TRANSACCIÓN
- campo de control: 20210219194435.0
008 - DATOS DE LONGITUD FIJA
- campo de control de longitud fija: nabaccnnaabn|||||||||| b |nc|||||d
035 ## - NUMERO DE CONTROL
- Número de control: UPN11000004765
040 ## - FUENTE DE CATALOGACIÓN
- Lenguaje de catalogación: SPA
- Agencia de transcripción: UPN
053 #4 - NÚMERO DE CLASIFICACIÓN LC
- Número de clasificación elemento-número único o número inicial de tramo: PQ6658 E7.7
100 1# - ENCABEZAMIENTO - NOMBRE PERSONAL
- Nombre personal: Herraiz, Santiago,
- Fechas asociadas con el nombre: 1963-
670 ## - FUENTE EN LA QUE SE LOCALIZARON DATOS
- Cita de la fuente: LC
680 ## - NOTA PUBLICA DE ACCESO PÚBLICO
- Frase explicativa de la referencia: Licenciado en Derecho y trabaja en el mundo de la educación. Ha publicado varios ensayos sobre la adolescencia y la juventud. Desde hace unos años se dedica también a escribir para jóvenes. "Amordazados", "Jaque en la red" y "Llora Jerusalén" son algunas de sus novelas
902 ## - CATALOGADOR
- Catalogador: BDV/261012
